Brazilian Serie A Champions - Statistics

General Stats
  • This quiz has been taken 579 times
    485 since last reset
  • The average score is 52 of 64
Answer Stats
Year Champion % Correct
2020 Flamengo
93%
2019 Flamengo
93%
2009 Flamengo
93%
1992 Flamengo
93%
1983 Flamengo
93%
1982 Flamengo
93%
1980 Flamengo
93%
2004 Santos
93%
2002 Santos
93%
1968* Santos
93%
1965 Santos
93%
1964 Santos
93%
1963 Santos
93%
1962 Santos
93%
1961 Santos
93%
2008 São Paulo
89%
2007 São Paulo
89%
2006 São Paulo
89%
1991 São Paulo
89%
1977 São Paulo
89%
2017 Corinthians
88%
2015 Corinthians
88%
2011 Corinthians
88%
2005 Corinthians
88%
1999 Corinthians
88%
1998 Corinthians
88%
1990 Corinthians
88%
1986 São Paulo
88%
2018 Palmeiras
87%
2016 Palmeiras
87%
1994 Palmeiras
87%
1993 Palmeiras
87%
1973 Palmeiras
87%
1972 Palmeiras
87%
1969 Palmeiras
87%
1967* Palmeiras
87%
1967* Palmeiras
87%
1960 Palmeiras
87%
2012 Fluminense
82%
2010 Fluminense
82%
1984 Fluminense
82%
1970 Fluminense
82%
1995 Botafogo
81%
1968* Botafogo
81%
1996 Grêmio
80%
1981 Grêmio
80%
2000 Vasco da Gama
75%
1997 Vasco da Gama
75%
1989 Vasco da Gama
75%
1974 Vasco da Gama
75%
1971 Atlético-MG
74%
1979 Internacional
72%
1976 Internacional
72%
1975 Internacional
72%
2014 Cruzeiro
71%
2013 Cruzeiro
71%
2003 Cruzeiro
71%
1966 Cruzeiro
71%
1988 Bahia
58%
1959 Bahia
58%
1985 Coritiba
48%
1987 Sport Recife
47%
2001 Athletico-PR
42%
1978 Guarani
34%
No matching quizzes found
Score Distribution
Percent of People with Each Score
Percentile by Number Answered
Your Score History
You have not taken this quiz since the last reset